The Oxford 5000 - Letter H - Translate from Polish to English - Statystyki

Ogólne statystyki
  • Ten quiz został rozwiązany 12 razy
  • Średni wynik to 20 z 49
Statystyki odpowiedzi
Polish Angielski % Poprawnych
leczyć, goić się heal
83%
kask, hełm helmet
83%
ukryty hidden
83%
biodro hip
83%
bezdomny homeless
83%
miód, kochanie (jako zwrot do bliskiej osoby) honey
83%
głód hunger
83%
w połowie drogi halfway
67%
harmonia, zgoda harmony
67%
opieka zdrowotna healthcare
67%
wskazówka, aluzja / napomknąć, robić aluzję, dawać do zrozumienia hint
67%
ojczyzna homeland
67%
horyzont horizon
67%
róg, klakson, róg (instrument) horn
67%
ludzkość, człowieczeństwo humanity
67%
siedlisko, środowisko naturalne habitat
50%
zatrzymać (się), przerwać / postój, zatrzymanie halt
50%
zioło herb
50%
hierarchia hierarchy
50%
uczciwość, szczerość honesty
50%
pełen nadziei, obiecujący hopeful
50%
pokorny, skromny humble
50%
port, przystań harbor
33%
sprzęt komputerowy hardware
33%
niebezpieczeństwo, ryzyko, zagrożenie hazard
33%
dziedzictwo heritage
33%
przezabawny, komiczny hilarious
33%
historyk / historyczka historian
33%
miejmy nadzieję, z nadzieją hopefully
33%
wrogi, nieprzyjazny hostile
33%
wodór hydrogen
33%
hipoteza hypothesis
33%
witać, okrzyknąć (np. bohaterem), przywoływać (np. taksówkę), padać (o gradzie) hail
17%
obchodzenie się z czymś, obsługa, radzenie sobie handling
17%
poręczny, przydatny handy
17%
nękanie, molestowanie harassment
17%
surowy (np. klimat, kara), szorstki, bezwzględny harsh
17%
zbiory, żniwa / zbierać (plony) harvest
17%
nienawiść hatred
17%
nawiedzać, dręczyć (np. o wspomnieniach) haunt
17%
główna siedziba, centrala headquarters
17%
stąd, więc, z tego powodu hence
17%
hak, haczyk / zahaczyć, złapać na haczyk (też w przenośni, np. uzależnić) hook
17%
zakładnik / zakładniczka hostage
17%
wrogość hostility
17%
humanitarny humanitarian
17%
garść, garstka handful
0%
potęgować, podwyższać, nasilać heighten
0%
głośny, szeroko znany, przyciągający uwagę mediów high-profile
0%
Nie znaleziono quizów pasujących do podanych kryteriów
Rozkład punktacji
Procent ludzi z każdym wynikiem
Percentyl według liczby udzielonych odpowiedzi
Twoja historia wyników
Nie rozwiązałeś tego quizu